LEADER 01349nam0M2200457--I450- 001 990001712980203316 005 20040608121205.0 010 $a88-7910-168-4 020 $b89-12206 035 $a000171298 035 $aUSA01000171298 035 $a(ALEPH)000171298USA01 035 $a000171298 100 $a20040531d1987----||itac0103 ba 101 $aita 102 $aIT 105 $a||||||||001yy 200 1 $a<> quarta età$fAchille Ardig̣ ... [et al.]$gintroduzione di Gianfranco Chiapella 210 $aRoma$cEL$dcopyr.1987 215 $a113 p.$d21 cm. 225 0 $aCollana a cura della Federazione nazionale pensionati CISL 300 $aseguono: appendici 410 $12001$aCollana a cura della Federazione nazionale pensionati CISL 454 1$12001 461 1$1001-------$12001 606 $aAnziani 676 $a305.26 702 1$aARDIG̉,$bAchille 702 1$aCHIAPELLA,$bGianfranco 801 0$aIT$bsalbc$gISBD 801 0$aIT$bICCU$c20040212 912 $a990001712980203316 951 $aVI 273$b667 DIRCE 959 $aBK 969 $aDIRCE 979 $aDIRCE$b10$c20040531$lUSA01$h1225 979 $aDIRCE$b10$c20040531$lUSA01$h1227 979 $aDIRCE$b10$c20040608$lUSA01$h1212 979 $aBATCH-UPD$b10$c20100302$lUSA01$h1158 996 $aQuarta età$9947973 997 $aUNISA LEADER 00948nam0-22002771i-450- 001 990006699570403321 005 20001010 035 $a000669957 035 $aFED01000669957 035 $a(Aleph)000669957FED01 035 $a000669957 100 $a20001010d--------km-y0itay50------ba 101 0 $aita 105 $ay-------001yy 200 1 $a<>Herrschaft des Gesetzes. Eine Unters uchung zum Verhaltnis von politischer Theorie und Rechtssystem in derKonkurrenzgesellschaft$fFranz Neumann 210 $aFrankfurt a/M$cs.e.$d1980 215 $a22 cm pp. 379 700 1$aNeumann,$bFranz$f<1889-1954>$0337241 801 0$aIT$bUNINA$gRICA$2UNIMARC 901 $aBK 912 $a990006699570403321 952 $aII A 138$b18226$fFSPBC 959 $aFSPBC 996 $aHerrschaft des Gesetzes. Eine Unters uchung zum Verhaltnis von politischer Theorie und Rechtssystem in derKonkurrenzgesellschaft$9616171 997 $aUNINA DB $aGEN01